La crisálida / (Record no. 11675)

MARC details
000 -LEADER
campo de control de longitud fija 00640nam a22002295i 4500
001 - NÚMERO DE CONTROL
campo de control 11675
003 - IDENTIFICADOR DE NÚMERO DE CONTROL
campo de control ES-MaACL
005 - FECHA Y HORA DE LA ÚLTIMA TRANSACCIÓN
campo de control 20230906150142.0
007 - CAMPO FIJO DE DESCRIPCIÓN FÍSICA--INFORMACIÓN GENERAL
campo de control de longitud fija t|
008 - DATOS DE LONGITUD FIJA--INFORMACIÓN GENERAL
campo de control de longitud fija 960207s1995 sp ||||0| spa j
020 ## - NÚMERO INTERNACIONAL ESTÁNDAR DEL LIBRO
Número Internacional Estándar del Libro 84-89234-01-9
040 ## - FUENTE DE CATALOGACIÓN
Centro catalogador/agencia de origen M-BN
Lengua de catalogación spa
Centro/agencia transcriptor M-BN
080 ## - NÚMERO DE LA CLASIFICACIÓN DECIMAL UNIVERSAL
Número de la Clasificación Decimal Universal 860-31"19"
100 1# - ENTRADA PRINCIPAL--NOMBRE DE PERSONA
Nombre de persona Menchaca, Antonio.
9 (RLIN) 80080
245 13 - MENCIÓN DEL TÍTULO
Título La crisálida /
Mención de responsabilidad, etc. Antonio Menchaca.
260 ## - PUBLICACIÓN, DISTRIBUCIÓN, ETC.
Lugar de publicación, distribución, etc. [Bilbao?] :
Nombre del editor, distribuidor, etc. Burguete,
Fecha de publicación, distribución, etc. D.L. 1995.
300 ## - DESCRIPCIÓN FÍSICA
Extensión 395 p ;
Dimensiones 20 cm.
490 1# - MENCIÓN DE SERIE
Mención de serie Colección Mendichuri de novela
830 0# - PUNTO DE ACCESO ADICIONAL DE SERIE-TÍTULO UNIFORME
Título uniforme Colección Mendichuri de novela
9 (RLIN) 179182
852 ## - LOCALIZACIÓN
Ubicación ES-MaACL
Número de control de estantería L-19075
Sublocalización o colección R.125237
Holdings
Estatus retirado Estado de pérdida Estado de daño No para préstamo Biblioteca de origen Biblioteca actual Ubicación en estantería Fecha de adquisición Fuente de adquisición Total de préstamos Signatura topográfica completa Código de barras Visto por última vez Precio de reemplazo Tipo de ítem Koha
        Biblioteca del Ateneo de Madrid Biblioteca del Ateneo de Madrid Depósito 2 17/01/2008     L-19075 1011899 23/02/2023 23/02/2023 Libro impreso